Statistics for U.S. Map Word Search

Click here to take the quiz!

General Stats

  • This quiz has been taken 225 times
  • The average score is 10 of 13

Answers on the Map

Answers color-coded by a green-red scale on the quiz's map according to % correct below.
 

Answer Stats

State% Correct
Texas
96%
Virginia
95%
Utah
90%
Vermont
88%
Alaska
82%
Hawaii
76%
Kansas
75%
Arkansas
70%
Indiana
70%
Nebraska
63%
Wyoming
61%
Nevada
56%
Montana
50%

Score Distribution

Percentile by Number Answered

Percent of People with Each Score

Your Score History

You have not taken this quiz